Honour or Duty? - a New Light on the Composition of Charitable Fraternities in thr Polish-Lithuanian Commonwealth in the 18th Century
| Titel: | Honour or Duty? - a New Light on the Composition of Charitable Fraternities in thr Polish-Lithuanian Commonwealth in the 18th Century |
|---|---|
| Verfasser: | |
| In: |
Uniwersytet Jagielloński w Krakowie. Instytut Judaistyki: Scripta judaica cracoviensia, Heft 1 (2002), Seite 75-79 alle Artikel anzeigen |
| Veröffentlicht: | 2002 |
| Format: | Aufsatz |
| Sprache: | Englisch |
X
alg: 39199531 001A $01999:11-11-16 001B $01999:12-03-21 $t19:05:53.000 001D $01999:11-11-16 001U $0utf8 001X $00 002@ $0Aox 003@ $0391995316 007A $0391995316 $aHEB 007T $0Herdc0083968v 010@ $aeng 011@ $a2002 021A $aHonour or Duty? - a New Light on the Composition of Charitable Fraternities in thr Polish-Lithuanian Commonwealth in the 18th Century 028A $aMichałowska $dAnna 031A $e1 $h75-79 $j2002 039B $aIn $8--Abvc--Uniwersytet Jagielloński w Krakowie$bInstytut Judaistyki [Tb1]. Scripta judaica cracoviensia. - Kraków : Wydawn Uniw. Jagiellónskiego, 2002-. - ISSN 1733-5760 $x200200000000001925 $9119947331 045F $a900.9479309033 $eDDC23BSB 045F/01 $a900 045F/03 $f09033 045F/03 $f9034 045F/03 $f09041 045F/03 $g4793 045F/03 $g438 045T $aJUDAICA $qDE-30 $2FID 045T $a7,7 lok: 39199531 78 exp: 39199531 78 1 #EPN 201B/01 $019-04-17 $t10:56:43.000 201U/01 $0utf8 203@/01 $0788091204 208@/01 $a11-11-16 $be 209A/01 $a/ $f000 $x00 220C/01 $aTitelaufnehmer: it 220C/01 $aHerkunft: LII Vilnius / Irena Tumelytė 244Z/01 $2Trx $#Litauen $#Lithuania $#Litwa $#Litva $#Litva $8--Trx--Lietuva $x01 $9391193457 244Z/01 $2Trx $#Poola $#Lenkija $#Polija $#Polen Land $#Poland $#Lengyelország $#Poľsko $#Polsko $8--Trx--Polska$gkraj $x02 $9391345966 244Z/01 $2Trx $#Poola $#Lenkija $#Polija $#Polen Land $#Poland $#Lengyelország $#Poľsko $#Polsko $8--Trx--Polska$gkraj $x03 $9391345966 244Z/01 $aGeschichte 1700-1799 $x04 244Z/01 $2Trx $#seltsid ja ühingud $#draugijos $#Associations and clubs $#egyesületek $#towarzystwa $#spolky $#spolky $8--Trx--Vereine $x05 $9391356348 244Z/01 $2Trx $8--Trx--Zeitschriftenaufsatz $x06 $9391384341 245Z/01 $a03.03.04 $x01 247C/01 $82080>Marburg/Lahn, Herder-Institut, Forschungsbibliothek, Bibliographieportal $9336309341
| LEADER | 00000caa a22000002c 4500 | ||
|---|---|---|---|
| 001 | 391995316 | ||
| 003 | DE-603 | ||
| 005 | 20210312190553.0 | ||
| 007 | tu | ||
| 008 | 161111s2002 xx |||| | u00||u|eng c | ||
| 035 | |a (DE-599)HEB391995316 | ||
| 040 | |a DE-603 |b ger |c DE-603 |d DE-603 | ||
| 041 | |a eng | ||
| 082 | 0 | 4 | |8 1\u |a 900.9479309033 |q DE-101 |2 23/BSB |
| 084 | |a JUDAICA |q DE-30 |2 fid | ||
| 084 | |a 7,7 |2 ssgn | ||
| 085 | |8 1\u |b 900 | ||
| 085 | |8 1\u |z 1 |s 09033 | ||
| 085 | |8 1\u |z 1 |s 9034 | ||
| 085 | |8 1\u |z 1 |s 09041 | ||
| 085 | |8 1\u |z 2 |s 4793 | ||
| 085 | |8 1\u |z 2 |s 438 | ||
| 100 | 1 | |a Michałowska, Anna | |
| 245 | 0 | 0 | |a Honour or Duty? - a New Light on the Composition of Charitable Fraternities in thr Polish-Lithuanian Commonwealth in the 18th Century |
| 264 | 0 | |c 2002 | |
| 773 | 0 | 8 | |i In |a Uniwersytet Jagielloński w Krakowie. Instytut Judaistyki |t Scripta judaica cracoviensia |d Kraków : Wydawn Uniw. Jagiellónskiego, 2002- |x 1733-5760 |g Heft 1 (2002), Seite 75-79 |w (DE-603)119947331 |w (DE-600)2141449-X |
| 924 | 0 | |9 2080 |a (DE-603)788091204 |b DE-2080 |c HES |d d |g / | |


